|
|
|
|
| LEADER |
01019cas a2200217 a 4500 |
| 001 |
AALejournalJSTOR000430 |
| 008 |
230228c9999 xx r poo 0 0eng d |
| 022 |
|
|
|a 0146-4094
|
| 022 |
|
|
|a 2158-1681
|
| 040 |
|
|
|a BD-DhAAL
|c BD-DhAAL
|
| 245 |
0 |
0 |
|h [electronic resource]
|a Hebrew Studies
|
| 260 |
|
|
|b National Association of Professors of Hebrew (NAPH)
|
| 300 |
|
|
|a 1 online resource
|
| 362 |
0 |
|
|a Vol. 17
|
| 500 |
|
|
|a <strong>Off-Campus Access:</strong> Athens ID and Password Required
|
| 500 |
|
|
|a <strong>On-Campus Access:</strong> No User ID or Password Required
|
| 506 |
|
|
|a Electronic access restricted to authorized BRAC University faculty, staff and students
|
| 538 |
|
|
|a Mode of access: Internet
|
| 650 |
|
4 |
|a Area Studies ; Humanities ; Jewish Studies ; Religion
|
| 856 |
4 |
0 |
|z Full text available on JSTOR[1976-01-01 - 2021-01-01]
|u https://www.jstor.org/journal/hebrewstudies
|
| 856 |
4 |
0 |
|z Off-campus access
|u https://go.openathens.net/redirector/bracu.ac.bd?url=https%3A%2F%2Fwww.jstor.org%2Fjournal%2Fhebrewstudies
|